[Event "SVK-chT1E 2425"]
[Site "Slovakia"]
[Date "2025.02.02"]
[Round "7.4"]
[White "Nemergut, Michal"]
[Black "Tauber, Marek"]
[Result "1/2-1/2"]
[WhiteElo "1935"]
[BlackElo "2062"]
[PlyCount "68"]
[EventDate "2024.11.16"]
[EventType "team-tourn"]
[EventRounds "11"]
[EventCountry "SVK"]
[SourceTitle "CB14_2025"]
[SourceDate "2024.11.01"]
[SourceVersion "1"]
[SourceVersionDate "2024.11.01"]
[SourceQuality "1"]
[WhiteTeam "Kezmarok KdV"]
[BlackTeam "Kosice Slavia UPJS"]
[WhiteTeamCountry "SVK"]
[BlackTeamCountry "SVK"]

1. e4 e5 2. Nf3 d6 3. Bc4 Be7 4. 0-0 Nf6 5. d3 c6 6. h3 0-0 7. Nc3 b5 8. Bb3 Nbd7 9. Be3 Qc7 10. a3 a6 11. Rc1 Bb7 12. Re1 Rfe8 13. Ne2 Bf8 14. c4 Nc5 15. cxb5 axb5 16. Bxc5 dxc5 17. Ng5 Re7 18. Ng3 h6 19. Nf3 Rd7 20. Qc2 Rad8 21. Red1 Qb8 22. Qc3 Re8 23. a4 Bc8 24. Nh4 Kh7 25. Nhf5 Ra7 26. axb5 cxb5 27. Ne3 Be6 28. Bxe6 Rxe6 29. Ra1 Kg8 30. b3 Rea6 31. Rxa6 Rxa6 32. Ra1 Rxa1+ 33. Qxa1 Qd8 34. Qc3 Qd4 1/2-1/2

[Event "SVK-chT2D 10/11"]
[Site "Slovakia"]
[Date "2010.12.05"]
[Round "4.2"]
[White "Stec, Juraj"]
[Black "Nemergut, Michal"]
[Result "1-0"]
[WhiteElo "2011"]
[BlackElo "1679"]
[PlyCount "109"]
[EventDate "2010.10.23"]
[EventType "team-tourn"]
[EventRounds "11"]
[EventCountry "SVK"]
[SourceTitle "EXT 2019"]
[Source "ChessBase"]
[SourceDate "2018.10.10"]
[SourceVersion "1"]
[SourceVersionDate "2018.10.10"]
[SourceQuality "1"]
[WhiteTeam "Kosice Slavia TU V"]
[BlackTeam "Stara Lubovna"]
[WhiteTeamCountry "SVK"]
[BlackTeamCountry "SVK"]

1. e4 e5 2. Nf3 Nf6 3. Nxe5 d6 4. Nf3 Nxe4 5. Nc3 Nxc3 6. dxc3 Nc6 7. Bf4 Bf5 8. Qd2 Qe7+ 9. Be2 0-0-0 10. 0-0-0 h6 11. h4 Qe6 12. Kb1 Be7 13. Nd4 Nxd4 14. cxd4 Rhe8 15. Bb5 Rf8 16. d5 Qg6 17. f3 Bd7 18. Bd3 f5 19. h5 Qf7 20. Qa5 Kb8 21. Bc4 b6 22. Qb4 Bf6 23. Be3 Rfe8 24. Rd3 Bc8 25. a4 Re7 26. a5 Qe8 27. Bf2 Be5 28. Rb3 Bf6 29. axb6 cxb6 30. Bb5 Qf7 31. Bc6 Bb7 32. Bxb6 axb6 33. Qxb6 Rc7 34. Rd1 Qe7 35. Re3 Qf7 36. Rde1 Qf8 37. Re8 Qf7 38. Rxd8+ Bxd8 39. Bxb7 Rd7 40. Qc6 Rxb7 41. Qxd6+ Qc7 42. Qxc7+ Kxc7 43. c4 Bf6 44. Re2 Rb4 45. Rc2 Kd6 46. Ka2 Kc5 47. b3 Rb7 48. Rd2 Ra7+ 49. Kb1 Ra1+ 50. Kc2 Kb4 51. d6 Ra2+ 52. Kd3 Rxd2+ 53. Kxd2 Kxb3 54. c5 Kc4 55. c6 1-0

[Event "SVK-chT2D 10/11"]
[Site "Slovakia"]
[Date "2010.12.04"]
[Round "3.1"]
[White "Nemergut, Michal"]
[Black "Sepesi, Samuel"]
[Result "0-1"]
[WhiteElo "1679"]
[BlackElo "1750"]
[PlyCount "76"]
[EventDate "2010.10.23"]
[EventType "team-tourn"]
[EventRounds "11"]
[EventCountry "SVK"]
[SourceTitle "EXT 2019"]
[Source "ChessBase"]
[SourceDate "2018.10.10"]
[SourceVersion "1"]
[SourceVersionDate "2018.10.10"]
[SourceQuality "1"]
[WhiteTeam "Stara Lubovna"]
[BlackTeam "Kosice Slavia UPJS IV"]
[WhiteTeamCountry "SVK"]
[BlackTeamCountry "SVK"]

1. e4 c5 2. Nf3 d6 3. d4 cxd4 4. Nxd4 Nf6 5. Nc3 g6 6. Bg5 Bg7 7. Bd3 0-0 8. 0-0 Nc6 9. Nxc6 bxc6 10. Re1 Nd7 11. Qd2 Ne5 12. Bf1 Rb8 13. Rab1 Be6 14. b3 Re8 15. Ne2 c5 16. Nf4 Qc8 17. Nxe6 Qxe6 18. f4 Ng4 19. h3 Bd4+ 20. Kh1 Nf2+ 21. Kh2 Nxe4 22. Qd3 d5 23. c4 f5 24. cxd5 Qxd5 25. Qf3 e6 26. Bc4 Qd6 27. Rxe4 fxe4 28. Qxe4 Kg7 29. Rf1 a5 30. Bh4 Ra8 31. Re1 e5 32. Qb7+ Kh8 33. Qf7 e4 34. Rd1 Rf8 35. Qb7 Qxf4+ 36. Bg3 Qf5 37. Qc7 Rae8 38. Qd6 Be5 0-1